Sube el precio del café en "la patria de pocos" /

Gespeichert in:
Bibliographische Detailangaben
1. Verfasser: O'Kane, Trish
Format: Text
Schlagworte:
Tags: Tag hinzufügen
Keine Tags, Fügen Sie den ersten Tag hinzu!

MARC

LEADER 00000 a a2200000 04500
001 7081
003
040
100 |a O'Kane, Trish  
245 |a Sube el precio del café en "la patria de pocos" /  |c Trish O'Kane 
650 |a GOBIERNO  
650 |a ONU  
650 |a PAZ  
650 |a DERECHOS HUMANOS  
650 |a TERRORISMO  
650 |a VIOLENCIA  
650 |a ESTADO  
650 |a EXPORTACION  
773 |g volumen 13, número 153; páginas 33-38  
999 |c 33187  |d 33187